Teachers for Further Education: report of an advisory sub committee (Record no. 494532)

000 -LEADER
fixed length control field 00418cam a22001097a 4500
008 - FIXED-LENGTH DATA ELEMENTS--GENERAL INFORMATION
fixed length control field 180718b1961 xxu||||| |||| 00| 0 eng d
082 ## - DEWEY DECIMAL CLASSIFICATION NUMBER
Classification number P1108x42 Un3t
245 ## - TITLE STATEMENT
Title Teachers for Further Education: report of an advisory sub committee
Statement of responsibility, etc. by National Advisory Council on The Training and Supply of teachers
260 ## - PUBLICATION, DISTRIBUTION, ETC.
Place of publication, distribution, etc. London
Name of publisher, distributor, etc. Her Majesty's Stationery Office
Date of publication, distribution, etc. 1961
300 ## - PHYSICAL DESCRIPTION
Extent 21p.
700 ## - ADDED ENTRY--PERSONAL NAME
Personal name U.K. Ministry of Education
Holdings
Withdrawn status Lost status Damaged status Not for loan Permanent Location Current Location Date acquired Full call number Barcode Date last seen Price effective from Koha item type
        Indian Institute of Public Administration Indian Institute of Public Administration 2018-08-04 P1108x42 Un3t G272 2018-08-04 2018-08-04 G

Powered by Koha